000 00556nam a2200181Ia 4500
003 IN-BaIIA
008 211028s9999 xx 000 0 eng d
040 _cIIA Library
080 _a526.6
_bNIE
100 _aNiethammer, Th
_91587
245 0 _aDie genauen methoden der astronomisch-geographischen ortsbestimmung
_bband II
_cTh. Niethammer
260 _aBasel
_bVerlag Birkhauser
_c1947
300 _a181p.
490 _aLehrbucher und monographien aus dem gebiete der exakten wiss
650 _aAstronomical geodesy
650 _aGeodesy
942 _cBK
999 _c738
_d738